000 01501cam a22003977a 4500
003 CHAP
005 20220329142725.0
008 010920d2001 mx r 00110 spa d
010 _a86875
011 _a87847
035 _a98391
040 _cCHAP
090 _aTesis
100 0 0 _aRuiz Espinosa, Raúl.
_9100665
245 1 0 _aIncidencia y severidad de enfermedades fungosas de raíz en plántulas de maíz (Zea mays L.) bajo dos sistemas de labranza
_c/por Raúl Ruiz Espinosa
260 _aChapingo, Méx. :
_bEl autor,
_c2002.
300 _a48 h.
502 _aTesis (Ing. Agr. Esp. en Parasitología Agrícola) -- UACH. Departamento de Parasitología Agrícola
590 _aALEPH
_b10
_c20130110
_lUCH01
_h1451
590 _aBATCH-UPD
_b10
_c20130109
_lUCH01
_h2334
590 _aBATCH-UPD
_b10
_c20130110
_lUCH01
_h0303
590 _aBATCH-UPD
_b10
_c20130110
_lUCH01
_h1857
590 _aBATCH-UPD
_b10
_c20130409
_lUCH01
_h1901
590 _aBATCH-UPD
_b10
_c20130409
_lUCH01
_h2335
590 _aBATCH-UPD
_b10
_c20130914
_lUCH01
_h1712
590 _aCONVERSION
_b10
_c20130109
_lUCH01
_h1348
650 1 4 _aLabranza de conservación.
_964308
650 1 4 _aMaíz
_xEnfermedades por hongos.
_970941
650 1 4 _aMaíz
_xPlántulas.
_971036
650 1 4 _aPudrición de la raíz
_xMaíz.
_992853
901 _aBK
905 _aAlejandra Carrasco M.
942 _cFOLL
949 _aTesis
_bBC
_cTES
_d33724000883567
_eTS2
_fc.2
_h40453
_i98391
_sb
949 _aTesis
_bBC
_cTES
_d983911
_eTS1
_h40452
_i98391
_sb
999 _c86875
_d86875